[Event "67th Warsaw-ch A 2018"]
[Site "Warsaw"]
[Date "2018.11.16"]
[Round "5"]
[White "Sliwerski, Radoslaw"]
[Black "Malec, Sebastian"]
[Result "1-0"]
[WhiteElo "1999"]
[BlackElo "2132"]
[Annotator "TA"]
[PlyCount "47"]
[EventDate "2018.11.12"]
[EventCountry "POL"]
[SourceTitle "playchess.com"]
[Source "ChessBase"]
[SourceQuality "1"]

{[%evp 15,47,22,20,15,30,20,63,41,38,34,87,89,431,427,414,438,406,416,417,408,1167,589,587,573,573,575,590,578,576,583,555,550,797,781]} 1. d4 Nf6 2. c4 e6 3. Nc3 Bb4 4. g3 c5 5. Nf3 cxd4 6. Nxd4 Ne4 7. Qc2 Nxc3 {E20: Nimzo-Indian: 4 g3 and 4 f3} (7... Qa5 8. Bg2 Nxc3 9. O-O Nc6 10. bxc3 Bxc3 11. Nb3 Nd4 12. Nxd4 Bxd4 13. Rb1 d6 14. Bb2 Bxb2 15. Qxb2 {0-1 (90) Carlsen,M (2855)-Caruana,F (2804) Leuven 2016}) 8. bxc3 Be7 {LiveBook: 20 Games} 9. Bg2 Nc6 {The position is equal.} 10. O-O Qa5 11. Rb1 O-O 12. Rd1 {[%cal Bf1d1,Bd1d4,Bd4h4][%mdl 32]} Qc5 $146 (12... Ne5 $14) ({Predecessor:} 12... a6 13. Bf4 e5 14. Nf5 exf4 15. Bxc6 dxc6 16. Nxe7+ {1-0 (55) Kojima,S (2340)-Gupta,B (2227) Kecskemet 2012}) 13. Be3 $16 {Hoping for Nxc6.} Qxc4 $2 {[%mdl 8192]} (13... Qh5 $16 {is more resistant.}) 14. Nxc6 $18 {[%mdl 64] Discovered Attack} dxc6 15. Rd4 Qc5 {[#]} 16. Rh4 $1 {[%csl Gh4][%cal Rc2h7]} Qf5 17. Be4 {[%cal Bg2e4,Be4f3,Bf3c6][%mdl 32]} Qf6 (17... Bxh4 $142 18. Bxf5 exf5 19. gxh4 b6) 18. Bd4 {White is clearly winning.} Qxh4 19. gxh4 f5 20. Bf3 Bd6 21. c4 {[%cal Bc3c4,Bc4c5][%mdl 32]} e5 22. c5 Bc7 23. Ba1 Rb8 {[#]} 24. Bxc6 $1 {Accuracy: White = 82%, Black = 23%.} 1-0

[Event "67th Warsaw-ch A 2018"]
[Site "Warsaw"]
[Date "2018.11.16"]
[Round "5"]
[White "Zelak, Wladyslaw"]
[Black "Wiech, Grzegorz"]
[Result "0-1"]
[WhiteElo "1815"]
[BlackElo "2238"]
[Annotator "TA"]
[PlyCount "56"]
[EventDate "2018.11.12"]
[EventCountry "POL"]
[SourceTitle "playchess.com"]
[Source "ChessBase"]
[SourceQuality "1"]

{[%evp 10,56,26,5,19,16,26,26,26,26,22,-5,20,16,12,14,97,22,111,113,110,71,55,42,88,58,61,36,48,46,42,-49,0,0,0,-76,-16,-125,-128,-131,0,-311,-304,-283,-288,-1857,-1487,-29994,0]} 1. e4 c5 2. Nf3 Nc6 3. d4 cxd4 4. Nxd4 d5 5. Bb5 dxe4 6. O-O {LiveBook: 7 Games. B32: Sicilian: Löwenthal and Kalashnikov Variations} (6. Nxc6 Qxd1+ 7. Kxd1 a6 8. Ba4 Bd7 9. Nc3 Bxc6 10. Bxc6+ bxc6 11. Nxe4 f5 12. Nd2 e5 13. Nc4 e4 14. Ke2 Nf6 15. Rd1 Rd8 16. Rxd8+ Kxd8 {½-½ (55) Smeets,J (2598)-Reinderman,D (2568) Amstelveen 2016}) 6... Bd7 {And now ...Nxd4 would win.} 7. Nxc6 Bxc6 8. Bxc6+ {White has an edge.} bxc6 9. Qe2 Nf6 10. Bg5 e6 11. Rd1 Qc7 12. Nc3 $146 ({Predecessor:} 12. Bxf6 gxf6 13. Qxe4 {1-0 (26) Duboue,P (2415)-Dimitrov,A (2301) Montigny le Bretonneux 2016}) 12... Bd6 (12... Be7 $11) 13. g3 (13. Nxe4 Nxe4 14. Qxe4 Bxh2+ 15. Kf1 Be5 $15) (13. Bxf6 $1 $16 gxf6 14. Nxe4) 13... O-O-O (13... Be5 $11) 14. Nxe4 $16 Be7 15. Bxf6 gxf6 16. b4 Rxd1+ 17. Rxd1 ({Much worse is} 17. Qxd1 Qe5 $15) 17... Rd8 $1 18. Rb1 Rd5 19. c4 Rd4 20. f4 ({White should play} 20. Qf3 $14) 20... f5 21. Nd2 Qb6 22. Kf1 (22. Kg2 $11 {remains equal.}) 22... Bxb4 {[#]} (22... Qa6 $1 $17 {[%cal Ra6a2]} 23. Rb2 Qa3) 23. Nf3 (23. c5 $1 $11 {[%mdl 512]} Qb5 (23... Bxc5 24. Rxb6) 24. Qxb5 cxb5 25. Nf3) 23... Re4 $36 {[%mdl 2048] Black is in control.} 24. Qb2 Qe3 (24... Rxc4 $17 {...Rc3 is the strong threat.} 25. Kg2 Bc3) 25. Ng5 $2 {[%mdl 8192] [#]} (25. Qxb4 $11 {and White has nothing to worry.} Qxf3+ 26. Kg1 Qe3+ 27. Kh1 Qf3+ 28. Kg1 Qe3+ 29. Kh1 Qf3+ 30. Kg1) 25... Qd3+ $1 $19 ({Not} 25... Rxc4 26. Kg2 $17) 26. Kg1 Rxc4 {Strongly threatening ...Bc5+.} 27. Qh8+ $2 (27. Qb3 Qd5 28. Qf3) 27... Kd7 28. Ra1 Qc3 $2 {[%mdl 32768] Accuracy: White = 14%, Black = 32%. . Loss on time!?} (28... Bc5+ {mates} 29. Qd4+ Bxd4+ 30. Kg2 Qe2+ 31. Kh3 Qh5+ 32. Kg2 Rc2+ 33. Kh1 Rxh2#) 0-1

[Event "67th Warsaw-ch A 2018"]
[Site "Warsaw"]
[Date "2018.11.17"]
[Round "6"]
[White "Jakubowski, Krzysztof"]
[Black "Nguyen, Piotr"]
[Result "1-0"]
[WhiteElo "2510"]
[BlackElo "2393"]
[Annotator "TA"]
[PlyCount "59"]
[EventDate "2018.11.12"]
[EventCountry "POL"]
[SourceTitle "playchess.com"]
[Source "ChessBase"]
[SourceQuality "1"]

{[%evp 19,58,26,35,26,35,12,19,4,39,41,95,87,104,93,112,117,191,188,188,181,436,438,435,447,441,443,447,441,618,393,667,596,620,593,29977,29978,29992,29993,29998,29999,29999]} 1. d4 f5 2. c4 Nf6 3. Nc3 d6 4. Nf3 g6 5. g3 Bg7 6. Bg2 O-O 7. O-O Qe8 8. b3 c6 9. Ba3 Na6 10. Rc1 Rb8 {LiveBook: 3 Games. A88: Dutch Defence: Leningrad System: 5 Nf3 0-0 6 0-0 d6 7 Nc3 c6} 11. e3 (11. d5 c5 12. Nb5 Bd7 13. Qd3 Ne4 14. e3 Bxb5 15. cxb5 Nc7 16. Nd4 Qd7 17. Bxe4 cxd4 18. Bf3 Qxb5 {½-½ (59) Saiyn,Z (2413)-Georgiadis,N (2484) Khanty-Mansiysk 2015}) 11... b5 {And now ...b4 would win.} 12. cxb5 cxb5 {aiming for ...b4.The position is equal.} 13. Ne2 b4 14. Bb2 Qb5 $146 (14... Nd5 $14) ({Predecessor:} 14... Bb7 15. Nf4 e6 16. Ng5 Bc8 17. Qd3 Rb6 18. Qc4 {0-1 (42) Lima Sobrinho,M-Santos,L (1875) Goiania 2014}) 15. Nf4 $16 Ne4 16. h4 Qa5 17. Ng5 d5 {[#]} (17... Nxg5 $16 {was called for.} 18. hxg5 e6) 18. Bxe4 $1 $18 fxe4 19. h5 Bh6 $2 (19... Rxf4 {was necessary.} 20. exf4 (20. gxf4 Qb6 $16) 20... Qb6) 20. hxg6 hxg6 21. Nxg6 {[%mdl 64] Double Attack} Bxg5 22. Qh5 Bf6 23. Kg2 {Nxe7+! would kill now.} Rf7 (23... Qd8 $142 24. Rh1 (24. Nxf8 Qxf8 25. Rh1 Qg7 $16) 24... Rf7) 24. Rh1 Be6 $2 (24... Qd8 25. Ne5 Qe8 26. Nxf7 {[%mdl 64] Discovered Attack} Kf8) 25. Ne5 Qxa2 26. Rc6 Qxb2 27. Rxe6 {[%csl Ge5][%cal Rh5f7] White mates.} Bxe5 28. Rg6+ Kf8 {[#]} 29. Qh8+ $1 {[%mdl 576] Back Rank} Bxh8 30. Rxh8# {Accuracy: White = 93%, Black = 22%.} 1-0

[Event "67th Warsaw-ch A 2018"]
[Site "Warsaw"]
[Date "2018.11.17"]
[Round "6"]
[White "Jarmula, Lukasz"]
[Black "Deszczynski, Adam"]
[Result "1-0"]
[WhiteElo "2492"]
[BlackElo "2315"]
[Annotator "TA"]
[PlyCount "61"]
[EventDate "2018.11.12"]
[EventCountry "POL"]
[SourceTitle "playchess.com"]
[Source "ChessBase"]
[SourceQuality "1"]

{[%evp 13,61,22,45,45,54,30,47,46,45,55,36,45,39,46,97,76,112,106,131,130,214,208,205,207,212,226,281,283,276,247,328,312,329,302,369,294,269,0,378,369,365,371,370,362,386,375,646,626,618,517]} 1. d4 Nf6 2. c4 g6 3. Nc3 Bg7 4. e4 d6 5. Be2 O-O 6. Bg5 Nbd7 7. Qd2 c6 8. Rd1 {E73: King's Indian: Averbakh Variation without 6...c5} (8. f3 a6 9. Nh3 b5 10. Nf2 bxc4 11. Bxc4 d5 12. Be2 dxe4 13. fxe4 Bb7 14. O-O c5 15. e5 cxd4 16. Qxd4 Qa5 17. exf6 Qxg5 18. Nfe4 Bxf6 19. Rxf6 {1-0 (19) Zhao,J (2624)-Li,S (2524) Beijing 2017}) 8... Qc7 9. Nf3 a6 10. O-O {White is slightly better.} b5 {Threatening ...b4.} 11. a3 $146 ({Predecessor:} 11. cxb5 cxb5 12. Rc1 Qb8 13. Bd3 Bb7 14. b4 {1-0 (25) Zaitsev,A-Schoeneberg,M Berlin East 1968}) 11... Bb7 12. Rfe1 Rfe8 13. Rc1 {[%cal Rc4b5]} bxc4 (13... Qb8 $14) 14. Bxc4 $16 c5 {[#]} 15. dxc5 $1 Nxc5 16. Bxf6 Bxf6 {[#]} (16... exf6 $16 {keeps fighting.} 17. b4 Nxe4 18. Nxe4 Rxe4 19. Rxe4 Bxe4) 17. b4 $1 $18 Nd7 {[%cal Bc5d7,Bd7b6,Bb6c4][%mdl 32]} 18. Nd5 Qb8 {[#]} 19. Nc7 $1 {[%mdl 576] Double Attack} Nb6 (19... Qxc7 20. Bxf7+) 20. Nxe8 ({Much less strong is} 20. Nxa8 $6 Nxc4 21. Rxc4 Qxa8 $18) 20... Qxe8 21. Bb3 Rc8 22. h4 Rxc1 23. Qxc1 ({Don't do} 23. Rxc1 Bxe4 24. Ng5 Bxg5 $18) 23... Qc6 24. Qe3 {And now Rc1 would win.} Nc4 25. Qc1 (25. Qf4 $142 Ne5 26. Nxe5 dxe5 27. Qf3) 25... Nb6 $1 26. Qxc6 Bxc6 27. e5 dxe5 28. Nxe5 {[%mdl 64] Double Attack} Be8 29. Ng4 Bxh4 $2 (29... Kg7 30. Nxf6 Kxf6) 30. g3 h5 31. Nh6+ {Accuracy: White = 81%, Black = 52%.} 1-0

[Event "67th Warsaw-ch A 2018"]
[Site "Warsaw"]
[Date "2018.11.17"]
[Round "6"]
[White "Kowalski, Igor"]
[Black "Mickiewicz, Piotr"]
[Result "1/2-1/2"]
[WhiteElo "2293"]
[BlackElo "2243"]
[Annotator "ChessBase"]
[PlyCount "65"]
[EventDate "2018.11.12"]
[EventCountry "POL"]
[SourceTitle "playchess.com"]
[Source "ChessBase"]
[SourceQuality "1"]

1. d4 g6 2. c4 Bg7 3. e4 d6 4. Nc3 e5 5. Be3 Nc6 6. d5 Nce7 7. Qd2 f5 8. exf5 Nxf5 9. Bg5 Nf6 10. Bd3 O-O 11. Nge2 Qe8 12. f3 Bd7 13. O-O-O b5 14. Bxf5 gxf5 15. Nxb5 Bxb5 16. cxb5 Qxb5 17. Nc3 Qa5 18. Bh6 Rf7 19. Qg5 Nd7 20. Bxg7 Rxg7 21. Qxf5 Nc5 22. Qc2 Rb8 23. g3 Rf7 24. Rhf1 Rb4 25. Qe2 Rf8 26. f4 e4 27. a3 Rb3 28. Nxe4 Rfb8 29. Nf6+ Kf7 30. Qh5+ Kxf6 31. Qh6+ Kf7 32. Qxh7+ Kf6 33. Qh6+ {Ke5} 1/2-1/2

[Event "67th Warsaw-ch A 2018"]
[Site "Warsaw"]
[Date "2018.11.17"]
[Round "6"]
[White "Kokoszczynski, Jan"]
[Black "Heberla, Bartlomiej"]
[Result "0-1"]
[WhiteElo "2245"]
[BlackElo "2546"]
[Annotator "TA"]
[PlyCount "148"]
[EventDate "2018.11.12"]
[EventCountry "POL"]
[SourceTitle "playchess.com"]
[Source "ChessBase"]
[SourceQuality "1"]

{[%evp 13,147,18,57,0,-12,-31,-25,-58,-8,-37,-13,-80,-85,-184,-181,-172,-173,-195,-189,-182,-182,-181,-187,-188,-170,-204,-212,-193,-142,-172,-178,-215,-193,-228,-201,-208,-183,-191,-181,-218,-208,-258,-259,-295,-300,-372,-41,-63,-39,-57,-36,-59,-42,-54,-44,-41,-12,-5,-7,-8,0,-4,0,-22,-8,-7,-7,-7,-7,-7,-7,-8,-8,-6,-7,-20,-20,-35,-35,-125,-126,-235,-230,-237,-230,-892,-144,-144,-143,-143,-27,-27,-27,-27,-27,-27,-27,-27,-27,-27,-77,-82,-84,-83,-27,-85,-85,-92,-92,-100,-100,-100,-100,-2327,-100,-100,0,-2424,-2048,-29973,-29973,-29984,-29981,-29985,-29982,-29991,-29992,-29992,-29993,-29993,-29994,-29996,-29997,-29997,-29998,-29999]} 1. d4 d6 2. e4 g6 3. Nc3 Bg7 4. Be3 a6 5. a4 Nf6 6. h3 O-O {B06: Modern Defence} (6... b6 7. g4 Bb7 8. Bg2 e6 9. Nge2 O-O 10. Qd2 c5 11. d5 exd5 12. exd5 Nbd7 13. O-O Re8 14. Ng3 {1-0 (70) Vallejo Pons,F (2684)-Dubov,D (2661) Berlin 2015}) 7. g4 e5 {LiveBook: 10 Games} 8. Nge2 (8. dxe5 $14 dxe5 9. g5) 8... exd4 $11 {The position is equal.} 9. Nxd4 d5 {White must now prevent ...c5.} 10. e5 $146 ({Predecessor:} 10. exd5 Nxd5 11. Nxd5 Qxd5 12. Rg1 Re8 13. c3 Nd7 14. Bg2 {0-1 (44) Quishpe Vaca,A (1988)-Almeida Quintana,O (2527) Bogota 2015}) 10... Nfd7 11. e6 Ne5 12. f4 (12. exf7+ $1 $11 Rxf7 13. Bg2) 12... fxe6 $17 {aiming for ...c5.} 13. Qd2 (13. fxe5 $17 Qh4+ 14. Kd2) 13... c5 $19 14. fxe5 cxd4 15. Bxd4 Nc6 16. O-O-O Nxd4 ({Resist} 16... Nxe5 17. Be2 $17) 17. Qxd4 Qg5+ 18. Kb1 Qxe5 19. Qb6 Bd7 $1 20. Bd3 Bc6 (20... Rac8 $19 21. Rhf1 Qc7 22. Rxf8+ Bxf8 23. Qxc7 Rxc7) 21. Rhe1 Qf6 22. Bf1 Rac8 23. a5 Kh8 24. Qb4 Bd7 25. Bd3 Qf4 26. Qa3 Qc7 27. Na2 Rf4 28. Rf1 {[%cal Be1f1,Bf1f7,Bf7e7][%mdl 32]} Ra4 29. Qe7 Bb5 $2 (29... Re8 $19 30. Qh4 Qxa5 31. Bxg6 h6) 30. Rf7 $15 Qxe7 31. Rxe7 Rxa5 (31... Bc6 {feels hotter.} 32. Rxe6 Rf8 33. Rde1 Kg8 34. c3 d4) 32. Rxb7 Bxd3 33. cxd3 Rac5 34. Re1 R5c6 35. Nb4 Rd6 36. Rf1 $1 Rf8 37. Rxf8+ Bxf8 $11 {[%mdl 4096] Endgame KRB-KRN} 38. Ra7 Rb6 39. Nxa6 Ba3 40. b4 Bxb4 41. Nxb4 Rxb4+ {KR-KR} 42. Kc2 Rf4 43. Re7 Rf3 44. Rxe6 Rxh3 45. Re5 Rg3 46. Rxd5 (46. g5 $15) 46... Rxg4 $17 47. Rd7 (47. Rd8+ $17 Kg7 48. Rd7+ Kh6 49. d4) 47... h5 48. Kd2 h4 49. Rf7 $2 (49. Ke3) 49... h3 $2 (49... g5 $19 50. Rf3 Rg1) 50. Rf3 Rh4 51. Rf1 Kg7 (51... g5 $1 $17 {[%cal Rg5g4] And now ...g4 would win.} 52. Ke3 Kh7) 52. Ke3 $11 g5 {Threatens to win with ...Kg6.} 53. Rh1 Kg6 {Hoping for ...Kf5.} 54. Kf3 $1 Ra4 55. Kg3 g4 56. Rb1 Kf5 57. Rb5+ Ke6 58. Rh5 Rd4 ({Black should play} 58... Kd6 $1 $17) 59. Rg5 (59. Ra5 $1 $11 {keeps the balance.}) 59... Kd6 $17 ({But not} 59... Rxd3+ $6 60. Kxg4 Kf6 61. Rh5 $11) 60. Rh5 Rb4 ({Much weaker is} 60... Rxd3+ $6 61. Kxg4 Ke7 62. Rxh3 $11) 61. Rg5 Ke6 62. Rh5 Kf6 63. Rd5 $2 {[%mdl 8192] [#]} (63. Ra5 $17) 63... Ra4 $2 (63... Rb1 $1 $19 {[%cal Rb1g1] is more deadly. Strongly threatening ...Rg1+.} 64. Rh5 Rg1+ 65. Kh2 Rg2+ 66. Kh1 Kg6) 64. Rh5 Rb4 $2 {[%mdl 8192]} (64... Kg6 $17 65. Rh8 Kg5) 65. Rd5 $1 $19 {[#]} Rb1 $1 {[%cal Rb1g1]} 66. Ra5 Rg1+ {Black mates.} 67. Kh2 Rg2+ 68. Kh1 Rd2 69. Ra1 Kg5 70. d4 Kh4 71. d5 h2 72. d6 Kh3 73. d7 g3 {[%csl Gd2,Gh3][%cal Bg4g3,Bg3g2][%mdl 32]} 74. Rd1 g2# {Precision: White = 42%, Black = 59%.} 0-1

[Event "67th Warsaw-ch A 2018"]
[Site "Warsaw"]
[Date "2018.11.17"]
[Round "6"]
[White "Pietruszewski, Marcin"]
[Black "Sliwerski, Radoslaw"]
[Result "1-0"]
[WhiteElo "2242"]
[BlackElo "1999"]
[Annotator "ChessBase"]
[PlyCount "77"]
[EventDate "2018.11.12"]
[EventCountry "POL"]
[SourceTitle "playchess.com"]
[Source "ChessBase"]
[SourceQuality "1"]

1. e4 c5 2. Nf3 d6 3. d4 cxd4 4. Nxd4 Nf6 5. Nc3 a6 6. Be3 e5 7. Nb3 Be6 8. f3 Nbd7 9. Qd2 Be7 10. g4 h6 11. O-O-O b5 12. Kb1 Nb6 13. Qf2 Nfd7 14. Nd5 Bxd5 15. exd5 Qc7 16. h4 Nc4 17. Bc1 Qb6 18. Qe2 a5 19. Nd2 Ne3 20. Re1 Nxd5 21. Qxb5 N5f6 22. Qxb6 Nxb6 23. Bb5+ Nfd7 24. a4 O-O 25. Nb3 f5 26. Bd2 fxg4 27. fxg4 Rf2 28. Bxa5 Rc8 29. Bd2 Rg2 30. a5 Nc5 31. Re2 Rxe2 32. Bxe2 Nxb3 33. cxb3 Nd7 34. Bc4+ Kf8 35. g5 hxg5 36. hxg5 Ke8 37. Rc1 Nc5 38. Bd5 Kd7 39. b4 1-0

[Event "67th Warsaw-ch A 2018"]
[Site "Warsaw"]
[Date "2018.11.17"]
[Round "6"]
[White "Wiech, Grzegorz"]
[Black "Goslawski, Michal"]
[Result "1/2-1/2"]
[WhiteElo "2238"]
[BlackElo "2099"]
[Annotator "TA"]
[PlyCount "111"]
[EventDate "2018.11.12"]
[EventCountry "POL"]
[SourceTitle "playchess.com"]
[Source "ChessBase"]
[SourceQuality "1"]

{[%evp 23,111,-27,-22,-16,-29,-66,-33,-45,-41,-50,-41,-46,-45,-64,-14,-69,-71,-76,-36,-44,-36,-47,-36,-36,-37,-38,16,14,16,0,41,-5,-9,-54,-51,-74,-68,-74,-69,-71,-65,-102,-68,-67,-58,-64,-64,-64,-56,-56,-56,-56,-56,-56,-57,-57,-42,-42,-42,-73,-67,-44,-44,-48,301,265,270,-411,0,0,0,0,331,281,316,267,261,-1612,-1677,-1755,0,0,0,0,0,0,0,0,0,0]} 1. e4 e5 2. Nf3 Nf6 3. Nxe5 d6 4. Nf3 Nxe4 5. Qe2 Qe7 6. d3 Nf6 7. Bg5 Nbd7 8. Nc3 Qxe2+ 9. Bxe2 h6 10. Bh4 g5 11. Bg3 Nb6 12. O-O-O Bd7 {LiveBook: 9 Games. C42: Petroff Defence: 3 Nxe5 and unusual White 3rd moves} 13. h4 (13. Nd2 h5 14. h4 g4 15. Nde4 Bh6+ 16. Kb1 Nh7 17. f4 O-O 18. d4 Rfe8 19. Rhe1 Re7 20. Bd3 {½-½ (43) Apicella,M (2509)-Motylev,A (2552) Bucharest 2000}) 13... g4 14. Nh2 $146 ({Predecessor:} 14. Nd2 Nh5 15. Nc4 Nxc4 16. dxc4 O-O-O 17. Nd5 Re8 18. Rde1 Bg7 19. Bd3 Bd4 20. Rxe8+ Rxe8 {½-½ (38) Dory,J (2345)-Halasz,T (2370) Hungary 1996}) 14... Rg8 {Black is slightly better.} 15. Rhe1 O-O-O 16. Nf1 Nh5 17. Bh2 Be7 18. g3 Rde8 19. f4 ({Better is} 19. f3 $11) 19... Bf6 20. Bg1 Re7 21. d4 Rge8 22. Kd2 Ng7 23. Bd3 d5 24. Rxe7 Rxe7 ({Black should try} 24... Bxe7 $15 25. Re1 Kb8) 25. Ne3 c6 26. Ne2 Kd8 27. c3 Nc8 28. Nc1 Nd6 29. Re1 h5 30. Bf2 Bc8 31. Nb3 Nge8 32. Kd1 b6 33. Nc2 Ng7 34. Rxe7 Kxe7 35. Ne3 Ngf5 36. Nxf5+ Bxf5 37. Bxf5 Nxf5 $15 {[%mdl 4096] Endgame KBN-KBN} 38. Ke2 Nd6 39. Nd2 Nc4 40. Nxc4 dxc4 {KB-KB} 41. Ke3 Ke6 42. Ke4 Be7 43. f5+ Kf6 $2 {[%mdl 8192]} (43... Kd6 $15 {stays ahead.}) 44. Be3 $18 Bd6 {[#]} 45. Bg5+ $2 (45. Bf4 $1 $18 {[%cal Rf4d6]} Bxf4 46. Kxf4) 45... Kg7 $11 46. Bf4 Bxf4 47. Kxf4 {aiming for Kg5. KP-KP} Kf6 $2 {[%mdl 8192]} (47... f6 $1 $11 {and Black is okay.}) 48. a4 a6 49. Ke4 Ke7 50. Ke5 $4 {[%mdl 8192] [#]} (50. d5 $18) 50... f6+ $19 51. Kf4 a5 $2 (51... Kd7 $19 {And now ...Kd6 would win.} 52. Ke4 Kd6) 52. Ke3 $11 {The position is equal.} Kd7 53. Kf4 Ke7 54. Ke3 $1 Kd7 55. Kf4 Ke7 56. Ke4 {Accuracy: White = 52%, Black = 52%.} 1/2-1/2

[Event "67th Warsaw-ch A 2018"]
[Site "Warsaw"]
[Date "2018.11.17"]
[Round "6"]
[White "Sanz Wawer, Daniel"]
[Black "Zelak, Wladyslaw"]
[Result "1-0"]
[WhiteElo "2192"]
[BlackElo "1815"]
[Annotator "ChessBase"]
[PlyCount "77"]
[EventDate "2018.11.12"]
[EventCountry "POL"]
[SourceTitle "playchess.com"]
[Source "ChessBase"]
[SourceQuality "1"]

1. d4 Nf6 2. c4 g6 3. f3 Bg7 4. e4 d6 5. Nc3 O-O 6. Nge2 Nc6 7. Be3 a6 8. Qd2 Rb8 9. Rc1 Bd7 10. Nd1 b5 11. c5 e6 12. g3 d5 13. e5 Ne8 14. Bg2 b4 15. O-O a5 16. g4 a4 17. f4 f5 18. exf6 Nxf6 19. g5 Ng4 20. Nf2 Nxe3 21. Qxe3 Qe7 22. Ng4 Rf7 23. Ne5 Bxe5 24. fxe5 b3 25. Rxf7 Qxf7 26. a3 Na5 27. Rf1 Qe7 28. Rf6 Nc4 29. Qc1 Rf8 30. Nf4 c6 31. Bf1 Na5 32. Qc3 Nb7 33. h4 Rxf6 34. exf6 Qd8 35. Nd3 Qc7 36. Ne5 Be8 37. Qb4 Bd7 38. Ba6 Nd8 39. Qb6 1-0

[Event "67th Warsaw-ch A 2018"]
[Site "Warsaw"]
[Date "2018.11.17"]
[Round "6"]
[White "Maciaga, Marcin"]
[Black "Golecki, Jan"]
[Result "1-0"]
[WhiteElo "2164"]
[BlackElo "2029"]
[Annotator "ChessBase"]
[PlyCount "87"]
[EventDate "2018.11.12"]
[EventCountry "POL"]
[SourceTitle "playchess.com"]
[Source "ChessBase"]
[SourceQuality "1"]

1. c4 e6 2. g3 d5 3. Bg2 Nf6 4. Nf3 d4 5. O-O c5 6. e3 Nc6 7. exd4 cxd4 8. d3 Bd6 9. Bg5 O-O 10. Nbd2 Re8 11. a3 a5 12. Qc2 a4 13. Rfe1 e5 14. c5 Bf8 15. Nc4 h6 16. Bxf6 Qxf6 17. Nb6 Ra5 18. Nxa4 Bf5 19. b4 Bxd3 20. Qxd3 Rxa4 21. Nd2 Rea8 22. Bxc6 Qxc6 23. Nc4 Qb5 24. Qb3 Bxc5 25. Nxe5 Bxb4 26. Rab1 d3 27. Qxf7+ Kh7 28. Qf5+ Kg8 29. axb4 d2 30. Red1 Rxb4 31. Rxb4 Qxb4 32. Qd3 Re8 33. f4 Qb6+ 34. Kg2 Rd8 35. Qc4+ Kh7 36. Qc2+ Kg8 37. Rxd2 Rxd2+ 38. Qxd2 Qc5 39. Qd8+ Kh7 40. Qd3+ Kh8 41. Ng6+ Kg8 42. Qd8+ Kf7 43. Ne5+ Ke6 44. Qd7+ {Kd5} 1-0

[Event "67th Warsaw-ch A 2018"]
[Site "Warsaw"]
[Date "2018.11.17"]
[Round "6"]
[White "Maj, Pawel"]
[Black "Liberadzki, Slawomir"]
[Result "1/2-1/2"]
[WhiteElo "2064"]
[BlackElo "1959"]
[Annotator "NA"]
[PlyCount "58"]
[EventDate "2018.11.12"]
[EventCountry "POL"]
[SourceTitle "playchess.com"]
[Source "ChessBase"]
[SourceQuality "1"]

1. e4 c5 2. Nf3 e6 3. g3 Nc6 4. Bg2 g6 5. d4 {B40: Sicilian: 2...e6, Unusual lines} Bg7 (5... cxd4 6. Nxd4 Qb6 7. Nxc6 bxc6 8. Be3 Qc7 9. O-O Bg7 10. Bc5 d5 11. Nd2 Nf6 12. Re1 Bf8 13. Bxf8 Kxf8 {0-1 (49) Carlsen,M (2837)-Svidler,P (2749) Astana 2012}) 6. dxc5 Qa5+ 7. c3 Qxc5 8. O-O Nge7 $146 ({Predecessor:} 8... Nf6 9. Re1 O-O 10. b4 Qb6 11. Be3 Qc7 12. Bc5 Rd8 {1-0 (26) Jorgensen,K-Fly,B Ribe 1978}) 9. Be3 Qa5 10. Nbd2 Qc7 11. Nc4 O-O 12. Qd6 Qxd6 13. Nxd6 b6 14. Rfd1 Ba6 15. Rd2 Rad8 16. Rad1 Nc8 17. Bf1 Nxd6 18. Bxa6 Nxe4 19. Rxd7 Nf6 20. Rxd8 Rxd8 21. Rxd8+ Nxd8 22. Kf1 Nd5 23. Bd2 Kf8 24. Bd3 Ke7 25. c4 Nc7 $11 26. b4 e5 27. Ne1 Nde6 28. Nc2 f5 29. f3 Kd6 1/2-1/2

[Event "67th Warsaw-ch A 2018"]
[Site "Warsaw"]
[Date "2018.11.17"]
[Round "6"]
[White "Choroszej, Aleksander"]
[Black "Rozycki, Bartlomiej"]
[Result "1/2-1/2"]
[WhiteElo "2055"]
[BlackElo "2138"]
[Annotator "NA"]
[PlyCount "58"]
[EventDate "2018.11.12"]
[EventCountry "POL"]
[SourceTitle "playchess.com"]
[Source "ChessBase"]
[SourceQuality "1"]

1. d4 d5 2. c4 e6 3. Nc3 a6 4. Nf3 Nf6 5. Bg5 dxc4 6. e4 b5 7. e5 h6 8. Bh4 g5 9. Bg3 Nd5 10. Be2 Bb7 11. O-O Nxc3 12. bxc3 Bd5 13. Nd2 Nc6 14. f4 Ne7 15. Bh5 Nf5 16. Qe2 Ba3 17. Ne4 Bxe4 18. Qxe4 Qd5 19. Qxd5 exd5 20. fxg5 Nxg3 21. Bxf7+ Ke7 22. hxg3 hxg5 23. Bxd5 Raf8 24. Rxf8 Rxf8 25. Rf1 Bb2 26. Rxf8 Kxf8 27. Kf2 Bxc3 28. Ke3 c5 29. dxc5 Bxe5 1/2-1/2